The National cryptic song title - Statistics

General Stats
  • This quiz has been taken 103 times
  • The average score is 6 of 12
Answer Stats
Clue Song % Correct
Red, white, rosé, sparkling, orange All the Wine
80%
Not TheNational.com American Mary
78%
John’s, Mathew’s, Mark’s, Luke’s Gospel
61%
Magenta lapines Pink Rabbits
61%
Central Business District City Middle
57%
The 10th (hexadecimal) discussion Conversation 16
44%
When one can do something, they are Abel
43%
Princip shot Ferdinand Start a War
34%
Smart, sad, pennyroyal Vanderlyle Crybaby Geeks
32%
Acheron, Trigan, Galactic, Beklan Fake Empire
27%
Conjecture on corvines Theory of the Crows
23%
Anserine, real housewives, colossus The Geese of Beverly Road
11%
No matching quizzes found
Score Distribution
Percent of People with Each Score
Percentile by Number Answered
Your Score History
You have not taken this quiz